Možnosti využitia marketingu v cirkulárnej ekonomike

Význam využitia marketingu v podnikoch s dôrazom na udržateľnosť a princípy cirkulárnej ekonomiky. Teoretické východiská udržateľnosti a cirkulárnej ekonomiky. Zovšeobecnenie poznatkov súčasného stavu a možnosti aplikácie na podniky. Rozdiel konkurencieschopnosti v poslednom období vychádzajúci z nu...

Ausführliche Beschreibung

Gespeichert in:
Bibliographische Detailangaben
1. Verfasser: Francová, Zuzana, 1971-
Format: Buchkapitel
Sprache:Slowakisch
Schlagworte:
Tags: Tag hinzufügen
Keine Tags, Fügen Sie das erste Tag hinzu!

MARC

LEADER 00000naa$a2200000$$$4500
001 0271613
005 20240502074300.6
041 0 |a slo 
044 |a SK 
245 1 0 |a Možnosti využitia marketingu v cirkulárnej ekonomike  |c Zuzana Francová 
520 |a Význam využitia marketingu v podnikoch s dôrazom na udržateľnosť a princípy cirkulárnej ekonomiky. Teoretické východiská udržateľnosti a cirkulárnej ekonomiky. Zovšeobecnenie poznatkov súčasného stavu a možnosti aplikácie na podniky. Rozdiel konkurencieschopnosti v poslednom období vychádzajúci z nutnosti prechodu lineárnej ekonomiky na cirkulárnu ekonomiku. 
610 2 0 |a hospodárstvo obehové 
610 2 0 |a rozvoj trvalo udržateľný 
610 2 0 |a podnik priemyselný 
610 2 0 |a priemysel spotrebný 
610 2 0 |a marketing environmentálny 
610 2 0 |a marketing sociálny 
610 2 0 |a marketing spoločenský 
100 1 |a Francová, Zuzana, 1971-